00822nam a2200193 a 450000100100000000500170001000800410002702000180006804000250008610000280011124500420013925000110018126000570019230000290024995201170027895201050039595201110050099900170061100003785120201002031127.0130307s2009 pr a 000 0 spa d a9789972080784 aDO-SdBNPbspacBNPHU1 aAlighieri, Dante96430013aLa divina comedia /cDante Alighieri. a2a ed. aLima, Perú :bCorporación Editora Chirre,c2009. a161 p. :bils. ;c21 cm. 001054708MOaGRbGRcCTd2013-03-07iLF1l0o p37851-30r2020-06-25te. 3w2020-06-25y4ZPréstamo en sala 001050718MOaPDbPDcCTd2013-03-07iLF1l0o p37851-10r2020-06-25w2020-06-25y1ZNo se presta 001050718MOaPDbPDcCTd2013-03-07iLF1l0o p37851-20r2020-06-25te, 2w2020-06-25y1ZNo se presta c37341d37341